| 000 | 01039nam a22002297a 4500 | ||
|---|---|---|---|
| 001 | 2667 | ||
| 005 | 20240111134226.0 | ||
| 020 | _a9781407138930 | ||
| 040 |
_aFISKH _beng _cFISKH _dFISKH |
||
| 082 | _a822.33 | ||
| 100 | _aDonkin, Andrew | ||
| 245 |
_aThe weird world of William Shakespeare / _cAndrew Donkin ; Illustrated by Clive Goddard |
||
| 250 | _aThis edition published 2014 | ||
| 260 |
_aLondon : _bScholastic, _c2004 |
||
| 300 |
_a176 pages : _billustrations ; _c20cm. |
||
| 505 | _aR | ||
| 520 | _aEveryone knows that William Shakespeare is famous for having a way with words and creating characters like romantic Romeo and murderous Macbeth. But in this book, readers can find out everything they didn't know, including how he did a seven-year vanishing act and how he nearly had his head chopped off by Queen Elizabeth I! Everything readers ever wanted to know about the man with the quill pen. | ||
| 521 |
_a800 _bLexile estimate |
||
| 521 |
_aR _bRaz-Plus |
||
| 700 |
_aGoddard, Clive _eIllustrator |
||
| 942 |
_2ddc _cBK _n0 |
||
| 999 |
_c2667 _d2667 |
||